| 000 | 00448nam a2200169Ia 4500 | ||
|---|---|---|---|
| 003 | GCL | ||
| 008 | 140319s9999 xx 000 0 ara d | ||
| 040 |
_aGCL / _cGCL |
||
| 082 | 0 | 4 |
_a140 _bا د |
| 100 | 1 | _aامام عبدالفتاح امام | |
| 245 | 1 | 0 |
_aدراسات هيجلية / _cامام عبدالفتاح امام |
| 300 | _a407 ص | ||
| 490 | _a | ||
| 650 | 0 | 4 | _aهيجل |
| 650 | 0 | 4 | _aالتاريخ - فلسفة |
| 942 |
_2ddc _cBK |
||
| 999 |
_c39083 _d39083 |
||